History Quiz

Random History or Country Quiz
Score 0/40 Timer 08:00
0 Plays Today
% Correct
Barack Obama
96.1%
George W. Bush
95.9%
George H. W. Bush
95.9%
Bill Clinton
94.9%
Donald Trump
92.3%
Tony Blair
85.7%
Vladimir Putin
82.1%
Theresa May
75.7%
Gordon Brown
75.5%
Angela Merkel
67.7%
Nicolas Sarkozy
66.1%
Mikhail Gorbachev
64.6%
Boris Yeltsin
59.8%
Giuseppe Conte
52.9%
Jacques Chirac
52.5%
Dmitry Medvedev
48.6%
Boris Johnson
45.7%
Stephen Harper
39.6%
Helmut Kohl
37.3%
David Cameron
37.2%
% Correct
Vladimir Putin
36.7%
Shinzō Abe
36%
François Hollande
27.2%
Gerhard Schröder
26.3%
Justin Trudeau
25.6%
François Mitterrand
23%
Matteo Renzi
22.5%
Mario Monti
21.3%
Willy Brandt
21%
Jean Chrétien
20.9%
Paul Martin
19.1%
Emmanuel Macron
17.4%
Kim Campbell
16.2%
Helmut Schmidt
15.5%
Paolo Gentiloni
11%
Enrico Letta
9.7%
Taro Aso
8.5%
Yukio Hatoyama
6.1%
Naoto Kan
3.6%
Yoshihiko Noda
2.5%

You're not logged in!

Compare scores with friends on all Sporcle quizzes.
OR
Log In

Sporcle TV

Today on Sporcle TV


Watch our educational content, quiz creation guides, and fun videos on Sporcle TV.

Show Comments

Extras

Top Quizzes Today


Score Distribution

Paid Content

Your Account Isn't Verified!

In order to create a playlist on Sporcle, you need to verify the email address you used during registration. Go to your Sporcle Settings to finish the process.

Report this User

Report this user for behavior that violates our Community Guidelines.

Details: